Getafe CF Squad 2025-2026 - Statistics

General Stats
  • This quiz has been taken 154 times
    63 since last reset
  • The average score is 18 of 27
Answer Stats
# Position Nation Player % Correct
8 MF Uruguay Mauro Arambarri
95%
13 GK Spain David Soria
93%
2 DF Togo Djené
93%
- Coach Spain José Bordalás
91%
21 DF Spain Juan Iglesias
88%
5 MF Spain Luis Milla
86%
22 DF Portugal Domingos Duarte
84%
6 MF Spain Mario Martín
84%
10 FW Uruguay Martín Satriano
84%
3 DF Morocco Abdel Abqar
81%
9 FW Spain Borja Mayoral
81%
16 DF Spain Diego Rico
77%
1 GK Czech Republic Jiří Letáček
74%
24 DF Argentina Zaid Romero
67%
19 FW Argentina Luis Vázquez
65%
14 MF Spain Javi Muñoz
51%
7 FW Spain Juanmi
51%
17 DF Spain Kiko Femenía
51%
23 FW Spain Adrián Liso
47%
18 FW Spain Álex Sancris
44%
4 MF Cameroon Yvan Neyou
44%
26 DF Spain Davinchi
42%
11 FW England Abu Kamara
40%
20 FW Spain Coba da Costa
37%
31 DF Morocco Ismael Bekhoucha
37%
15 DF Uruguay Sebastián Boselli
35%
20 FW Serbia Veljko Birmančević
30%
No matching quizzes found
Score Distribution
Percent of People with Each Score
Percentile by Number Answered
Your Score History
You have not taken this quiz since the last reset